| 000 | 00679nam a22002057a 4500 | ||
|---|---|---|---|
| 003 | OSt | ||
| 005 | 20151102141529.0 | ||
| 008 | 150505s2015 sp a||| |||| 000 0 spa|d | ||
| 020 | _a9788416001347 | ||
| 040 |
_bcat _cCDMR |
||
| 100 | 1 | _aDomínguez, Íñigo | |
| 245 | 1 | 0 |
_aMediterráneo descapotable _b: viaje ridículo por aquel país tan feliz _cÍñigo Domínguez |
| 260 |
_aMadrid _bLibros del K.O. _c2015 |
||
| 300 |
_a285 p. : _bil. ; _c22 cm |
||
| 600 | 1 | 4 |
_aDomínguez, Íñigo _xViatges |
| 650 | 7 |
_aViatges en automòbil _zEspanya _2lemac |
|
| 650 | 0 | 0 |
_aReportatges literaris _9797 |
| 651 | 7 |
_aMediterrània (Espanya : Costa) _xDescripcions i viatges _2lemac |
|
| 942 | _cMON | ||
| 999 |
_c6892 _d6892 |
||